| 000 | 01019nam0a22002531 4500 | ||
|---|---|---|---|
| 001 | rc\4890992 | ||
| 005 | 20130426151823.6 | ||
| 035 | _a(NLR Aleph) 008829963 | ||
| 090 |
_a8275945 _c8275945 |
||
| 100 | _a20130426d1957 |||y0rusy50 ca | ||
| 101 | 0 | _arus | |
| 102 | _aRU | ||
| 105 | _ay z ||||| | ||
| 200 | 1 |
_aСтаночные приспособления _e(Рек. список литературы) _fПод ред. инж. А.В. Шаманина _gО-во по распространению полит. и науч. знаний РСФСР. Ленингр. дом науч.-техн. пропаганды. Науч.-техн. б-ка |
|
| 210 |
_aЛенинград _cБ. и. _d1957 |
||
| 215 |
_a36 с. _d22 |
||
| 300 | _aСост. указан в вып. дан. | ||
| 700 | 1 |
_aЮвачева _bН. Я. _gНадежда Яковлевна _4220 |
|
| 702 | 1 |
_aШаманин _bА. В. _4340 |
|
| 801 | 0 |
_aRU _bNLR _gpsbo |
|
| 801 | 1 |
_aRU _bELAR _2rusmarc |
|
| 852 |
_aNLR _jС307-660/Ю14 |
||
| 942 | _cBOOK | ||
| 980 | _aNB | ||